Statistiken für Top 15 Länder mit Covid-19-Todesfällen - 25. Juni

Klicken Sie hier um das Quiz zu spielen!

Allgemein

  • Dieses Quiz wurde 8 mal gespielt
  • Das Durchschnittsergebnis liegt bei 15 aus 20

Antwortstatistiken

Land% Korrekt
Brasilien
100%
Frankreich
100%
Russland
100%
Vereinigte Staaten
100%
Italien
88%
Kanada
88%
Mexiko
88%
Spanien
88%
Vereinigtes Königreich
88%
Belgien
75%
Deutschland
75%
Indien
75%
Niederlande
75%
Schweden
75%
Chile
63%
Peru
63%
Schweiz
63%
Ecuador
38%
Iran
38%
Irland
38%

Verteilung der Resultate

Perzentil nach korrekt beantworteten Fragen

Anzahl Personen mit jedem Resultat

Ihre Resultats-Entwicklung

Sie haben dieses Quiz noch nicht gespielt